|
|
|
|
| LEADER |
00000cam a2200000 7i4500 |
| 001 |
0000029637 |
| 005 |
20100720.0 |
| 008 |
100720 |
| 020 |
|
|
|a 1844582175
|
| 090 |
0 |
0 |
|a 620.11
|b WIL
|
| 100 |
0 |
|
|a Wilkinson, Philip
|
| 245 |
1 |
0 |
|a Materials and their uses :
|b from clay pots to ticking clocks
|c Philip Wilkinson
|
| 250 |
|
|
|a Ideas and inventions
|
| 260 |
|
|
|a London :
|b Chrysalis children's Books ,
|c 2005
|
| 440 |
|
|
|a Ideas and inventions series
|
| 650 |
|
0 |
|a Materials science
|x juvenile literature
|
| 700 |
1 |
|
|a Ingpen, Robert
|
| 999 |
|
|
|a 0001058773
|b Book
|c Adult Collection
|e Cawangan Bukit Gambir
|
| 999 |
|
|
|a 0001058774
|b Book
|c Adult Collection
|e Perbadanan Perpustakaan Awam Johor
|